<?xml version="1.0" encoding="UTF-8"?>
<record
    xmlns:xsi="http://www.w3.org/2001/XMLSchema-instance"
    xsi:schemaLocation="http://www.loc.gov/MARC21/slim http://www.loc.gov/standards/marcxml/schema/MARC21slim.xsd"
    xmlns="http://www.loc.gov/MARC21/slim">

  <leader>00515nam a2200169Ia 4500</leader>
  <datafield tag="952" ind1=" " ind2=" ">
    <subfield code="0">0</subfield>
    <subfield code="1">0</subfield>
    <subfield code="2">ddc</subfield>
    <subfield code="4">0</subfield>
    <subfield code="7">0</subfield>
    <subfield code="8">MANAGEMENT</subfield>
    <subfield code="a">MES</subfield>
    <subfield code="b">MES</subfield>
    <subfield code="c">MANAGEMENT</subfield>
    <subfield code="d">2019-02-20</subfield>
    <subfield code="g">475.00</subfield>
    <subfield code="l">0</subfield>
    <subfield code="o">634.98095413 MIS/M</subfield>
    <subfield code="p">30152</subfield>
    <subfield code="r">2019-02-20 00:00:00</subfield>
    <subfield code="w">2019-02-20</subfield>
    <subfield code="y">BK</subfield>
    <subfield code="z">GL57R1</subfield>
  </datafield>
  <datafield tag="999" ind1=" " ind2=" ">
    <subfield code="c">6919</subfield>
    <subfield code="d">6919</subfield>
  </datafield>
  <controlfield tag="003">OSt</controlfield>
  <controlfield tag="005">20200129143127.0</controlfield>
  <controlfield tag="008">190216s9999||||xx |||||||||||||| ||und||</controlfield>
  <datafield tag="020" ind1=" " ind2=" ">
    <subfield code="a">8171417949</subfield>
  </datafield>
  <datafield tag="040" ind1=" " ind2=" ">
    <subfield code="c">oclc</subfield>
  </datafield>
  <datafield tag="082" ind1=" " ind2=" ">
    <subfield code="a">634.98095413</subfield>
    <subfield code="b">MIS/M</subfield>
  </datafield>
  <datafield tag="100" ind1=" " ind2=" ">
    <subfield code="a">Misra, Rabi N</subfield>
    <subfield code="9">1629</subfield>
  </datafield>
  <datafield tag="245" ind1=" " ind2="0">
    <subfield code="a">Marketing Of Tribal Product /</subfield>
    <subfield code="c">Rabi N Misra ; N Panda</subfield>
  </datafield>
  <datafield tag="260" ind1=" " ind2=" ">
    <subfield code="b">Discovery Publishing House,</subfield>
    <subfield code="a"> Delhi:</subfield>
    <subfield code="c">2004.</subfield>
  </datafield>
  <datafield tag="300" ind1=" " ind2=" ">
    <subfield code="a">233p</subfield>
  </datafield>
  <datafield tag="942" ind1=" " ind2=" ">
    <subfield code="c">BK</subfield>
    <subfield code="2">ddc</subfield>
    <subfield code="h">634.98095413</subfield>
    <subfield code="i">MIS/M</subfield>
    <subfield code="k">634.98095413</subfield>
    <subfield code="m">MIS/M</subfield>
  </datafield>
</record>
